Longest Highways in the World - Statistics

General Stats
  • This quiz has been taken 41 times
  • The average score is 7 of 8
Answer Stats
Rank Highway Length (in km) Answer % Correct
6 Route 20 5,415 United States of America
100%
3 Transsibirskaya Ulitsa 11,000 Russia
90%
5 National Highway G010 5,700 China
83%
1 Pan-American Highway 24,000 (unofficially 30,000) Argentina, Colombia, etc.
79%
4 Trans-______ Highway 7,821 Canada
79%
8 BR-153 3,585 Brazil
76%
7 National Highway 44 4,112 India
76%
2 National Route 1 14,500 Australia
72%
No matching quizzes found
Score Distribution
Percent of People with Each Score
Percentile by Number Answered
Your Score History
You have not taken this quiz